00491nam a2200157Ia 4500008004100000020001800041082001900059100001700078245005600095260002500151300001400176650002600190650003800216650004200254650003700296220501s2020 xx 000 0 eng d a9789353948436 a658.4032 MAT-B aMathew, Regi 0aBusiness analytics for decision makingcRegi Mathew aNOIDAbPearsonc2020 axvi, 320p aBusiness intelligence aDecision making - Data processing aDecision making - Statistical methods aManagement - Statistical methods